000 00354nam a22001457a 4500
003 MACL
005 20200118161646.0
008 200118b xxu||||| |||| 00| 0 eng d
040 _cMACL
100 _aJha, Amol
_977871
245 _aFood Science & Nutrition
260 _aAllahabad
_bVikalp Pra
_c2018
650 _aNutrition
_977872
942 _2ddc
_cBK
999 _c61835
_d61835